| 000 | 005480000a22001690004500 | ||
|---|---|---|---|
| 090 |
_aAS _bSeriadas |
||
| 245 | 1 | 0 | _aCaracterización ecológica del transecto río Cusiana, Vertiente Oriental de los Andes, Boyacá, Colombia |
| 041 | 0 | _aEspañol | |
| 700 | 1 |
_aRepizzo, Augusto _94235 |
|
| 700 | 1 |
_aBohórquez, Clara Isabel _914961 |
|
| 700 | 1 |
_aEscobar S., Federico _998040 |
|
| 700 | 1 |
_aMendoza, Humberto _91986 |
|
| 700 | 1 |
_aVillareal, Hector _997059 |
|
| 100 | 1 |
_aGast, Fernando _94240 |
|
| 942 | _cARTICULO | ||
| 773 | 1 |
_tBiosintesis _h4 _q1-4 _d1998 |
|
| 999 |
_c15918 _d15918 |
||